Multivariate analysis of variance and repeated measures : a practical approach for behavioural scientists /

Guardado en:
Autor Principal: Hand, D. J.
Otros Autores: Taylor, C. C., 1943-
Formato: Libro
Idioma:English
Publicado: London ; New York : Chapman and Hall, 1987.
Materias:
Etiquetas: Agregar Etiqueta
Sin Etiquetas, Sea el primero en etiquetar este registro!
LEADER 00844cam a2200241 a 4500
001 MAT.inmabb003873
008 861027s1987####enk######b####001#0#eng##
005 20151117172012.0
245 1 0 |a Multivariate analysis of variance and repeated measures :  |b a practical approach for behavioural scientists /  |c D. J. Hand and C. C. Taylor. 
260 |a London ;  |a New York :  |b Chapman and Hall,  |c 1987. 
300 |a xiii, 262 p. ;  |c 24 cm. 
504 |a Bibliografía: p. 208-209. 
020 |a 0412258005 (pbk.) 
020 |a 0412258102 
100 1 |a Hand, D. J. 
700 1 |a Taylor, C. C.,  |d 1943- 
084 |a 62J10 (62P25)  |2 msc2000 
650 0 |a Multivariate analysis. 
650 0 |a Social sciences  |x Statistical methods. 
650 0 |a Analysis of variance. 
010 |a  86028421  
040 |a DLC  |c DLC  |d DLC 
859 |h 62  |i H236m  |p A-6491  |b BIB. MATEMATICA